000 00636nam a2200193Ii 4500
003 JO-AjNU
008 230605s9999||||xx |||||||||||||| ||und||
040 _aJO-AjNU
_bara
_erda
_cJO-AjNU
041 _aara
050 1 4 _aNC770.N85
100 3 _aحميد ,موفق تأليف,
_eauthor
_914900
245 0 0 _aكيف نرسم جسم الإنسان
264 3 1 _aبيروت:المكتبة الحديثة للطباعة والنشر
300 _a80ص
336 _atext
_btxt
_2rdacontent
337 _aunmediated
_bn
_2rdamedia
338 _avolume
_bnc
_2rdacarrier
650 4 _aكيف نرسم بالرشية -الرسم-فنون
_914901
999 _aA4084
_c7652
_d7652